| 000 | 00831nam a2200193 a 4500 | ||
|---|---|---|---|
| 001 | 000043645 | ||
| 005 | 20201002044909.0 | ||
| 008 | 140401s1978 dr a 000 0 spa d | ||
| 040 |
_aDO-SdBNP _bspa _cBNPHU |
||
| 082 |
_axxxx _bxxxx |
||
| 100 | 1 |
_aGrondín, Marcelo _971477 |
|
| 245 | 1 | 0 |
_aComunidad andina : _bexplotación calculada / _cMarcelo Grondín. |
| 246 | 1 | 4 | _aUn estudio sobre la organización comunal de Muquiyauyo, Perú |
| 260 |
_aSanto domingo : _bUnidad de Divulgación Técnica de la Secretaría de Estado de Agricultura de la República Dominicana, _c1978. |
||
| 300 |
_axx, 279 p. : _bil., mapas ; _c22 cm. |
||
| 500 | _aIncluye referencias bibliográficas y notas al pie de las páginas | ||
| 500 | _aIncluye datos biografícos del autor en la solapa de la contracubierta | ||
| 504 | _aBibliografía : p. 271-279 | ||
| 999 |
_c43134 _d43134 |
||